| 000 | 01087nam a22002177a 4500 | ||
|---|---|---|---|
| 003 | OSt | ||
| 005 | 20260311005335.0 | ||
| 008 | 260311b |||||||| |||| 00| 0 eng d | ||
| 020 | _a0448095416 | ||
| 040 |
_aDWCL GS lib _cOC |
||
| 082 | _aFic. K26c 1992 | ||
| 100 | _aKeene Carolyn | ||
| 245 |
_aThe Clue Of The Whistling Bagpipes _cCarolyn Keene |
||
| 260 |
_aNew York _bCarolyn Keene _c1964 |
||
| 300 |
_aExtent- vii, 177 pages: _billustrations ; _c20cm |
||
| 520 | _afollows Nancy Drew to the Scottish Highlands to solve a missing family heirloom mystery. Amidst threats, she encounters eerie bagpipe noises, a red-bearded stranger, and missing sheep. | ||
| 650 | _a (1964) is the 41st installment in the Nancy Drew Mystery Stories series by Carolyn Keene. The "conduct of life" depicted in this novel focuses on the proactive, brave, and intellectually curious nature of Nancy Drew, who navigates unfamiliar territory and personal danger to solve crimes. | ||
| 650 | _athe moral lessons focus on courage, family, and vigilance | ||
| 700 | _aCarolyn Keene | ||
| 942 |
_2ddc _cFIC. _n0 |
||
| 999 |
_c8907 _d8907 |
||